|
|
|
|
| LEADER |
00000nas a2200000 a 4500 |
| 001 |
ssj0000163 |
| 003 |
WaSeSS |
| 005 |
20200512172242.0 |
| 006 |
m d |
| 007 |
cr n |
| 008 |
960415d19961997nyumr p s 0 a0eng c |
| 010 |
|
|
|a sn 96002063
|
| 016 |
7 |
|
|a 9890786
|2 DNLM
|
| 016 |
7 |
|
|a SR0088995
|2 DNLM
|
| 022 |
|
|
|l 1088-4343
|y 1088-4343
|
| 032 |
|
|
|a 529540
|b USPS
|
| 035 |
|
|
|a (WaSeSS)ssj0000163
|
| 040 |
|
|
|a GZS
|b eng
|c GZS
|d UOK
|d NSD
|d WAU
|d NSD
|d AGL
|d IUL
|d GUA
|d IUL
|d OCL
|d IUL
|d OCL
|d NLM
|d OCLCQ
|d OCLCF
|d OCLCQ
|d DLC
|d OCLCO
|d IBO
|d OCLCQ
|d RDF
|d AU@
|d OCLCO
|d OCLCQ
|d OCLCA
|d WaSeSS
|
| 042 |
|
|
|a nsdp
|a pcc
|
| 043 |
|
|
|a n-us---
|
| 050 |
1 |
4 |
|a HF5549.A2
|b S852
|
| 070 |
0 |
|
|a HF5549.A2G48
|
| 072 |
|
0 |
|a X700
|
| 082 |
1 |
0 |
|a 658
|2 12
|
| 222 |
|
0 |
|a Getting results- for the hands-on manager
|
| 245 |
0 |
0 |
|a Getting results- for the hands-on manager.
|n A
|h [electronic resource].
|
| 246 |
3 |
0 |
|a Getting results
|
| 250 |
|
|
|a [Plant ed.].
|
| 260 |
|
|
|a New York, NY :
|b American Management Association,
|c ©1996-
|
| 310 |
|
|
|a Monthly
|
| 362 |
0 |
|
|a Vol. 41, no. 4 (Apr. 1996)- v. 42, no. 12 (Dec. 1997).
|
| 500 |
|
|
|a Section designation at foot of cover, constitutes part of title. Cf. publisher's letter.
|
| 500 |
|
|
|a Issued also in office ed.; some articles included in both eds.
|
| 500 |
|
|
|a Title from caption.
|
| 506 |
|
|
|a License restrictions may limit access.
|
| 515 |
|
|
|a Issue for Apr. 1996 called Charter issue.
|
| 515 |
|
|
|a Issues for Apr.-May 1996 lack ed. statement.
|
| 515 |
|
|
|a Issue for June 1996 called v. 41, no. 4, but constitutes v. 41, no. 6.
|
| 650 |
|
0 |
|a Personnel management
|z United States
|v Periodicals.
|
| 650 |
|
0 |
|a Supervisors
|z United States
|v Periodicals.
|
| 650 |
|
2 |
|a Personnel Management.
|
| 650 |
|
7 |
|a Personnel management.
|2 fast
|0 (OCoLC)fst01058797
|
| 650 |
|
7 |
|a Supervisors.
|2 fast
|0 (OCoLC)fst01139059
|
| 651 |
|
7 |
|a United States.
|2 fast
|0 (OCoLC)fst01204155
|
| 655 |
|
0 |
|a Electronic journals.
|
| 710 |
2 |
|
|a American Management Association.
|
| 780 |
0 |
1 |
|t Supervisory management (Saranac Lake, N.Y. : 1989)
|x 1045-263X
|w (DLC) 89646732
|w (OCoLC)18946821
|
| 785 |
0 |
4 |
|t Management review (New York, N.Y.)
|w (DLC)sn 83007016
|w (OCoLC)4590611
|
| 850 |
|
|
|a DNAL
|a GU
|a InU
|a WaU
|
| 856 |
4 |
0 |
|z Full text available from Research Library: 04/01/1996 to 12/31/1997
|u https://search.proquest.com/publication/42093
|